书目信息 |
| 题名: |
杨廷宝建筑论述与作品选集
|
|
| 作者: | 王建国主编 | |
| 分册: | ||
| 出版信息: | 北京 中国建筑工业出版社 1997.10 |
|
| 页数: | 173页 | |
| 开本: | 16开 | |
| 丛书名: | ||
| 单 册: | ||
| 中图分类: | TU2 , TU-80 | |
| 科图分类: | ||
| 主题词: | 建筑艺术--理论 | |
| 电子资源: | ||
| ISBN: | 7-112-03338-1 | |
| 000 | 00595nam0 2200193 45 | |
| 001 | 0199003592 | |
| 005 | 20091217091856.10 | |
| 010 | @a7-112-03338-1@d92.00元 | |
| 100 | @a19990804d km y0chiy0120 ea | |
| 101 | 0 | @achi |
| 105 | @a z 000yy | |
| 200 | 1 | @AYANG TING BAO JIAN ZHU LUN SHU YU ZUO PIN XUAN JI@FWANG JIAN GUO ZHU BIAN@a杨廷宝建筑论述与作品选集@f王建国主编 |
| 210 | @a北京@c中国建筑工业出版社@d1997.10 | |
| 215 | @a173页@c无图表@d16开 | |
| 606 | 0 | @a建筑艺术@x理论 |
| 690 | @aTU2@v3 | |
| 690 | @aTU-80@v4 | |
| 801 | @aCN@bPftUser@c20091217 | |
| 905 | @dTU-80@eW222@b179589-591@f3 | |
| 杨廷宝建筑论述与作品选集/王建国主编.-北京:中国建筑工业出版社,1997.10 |
| 173页:无图表;16开 |
| ISBN 7-112-03338-1:92.00元 |
| ● |
| 相关链接 |
|
|
|
正题名:杨廷宝建筑论述与作品选集
索取号:TU-80/W222
 
预约/预借
| 序号 | 登录号 | 条形码 | 馆藏地/架位号 | 状态 | 备注 |
| 1 | 179589 | 201795897 | 建筑库101/101建筑库 30排4列4层/ [索取号:TU-80/W222] | 在馆 | |
| 2 | 179590 | 201795904 | 建筑库101/101建筑库 30排4列4层/ [索取号:TU-80/W222] | 在馆 | |
| 3 | 179591 | 201795913 | 自科二线404/404自科库 23排3列4层/ [索取号:TU-80/W222] | 在馆 |